Statistics for American Ninja Warrior Season 10 Facts

Click here to take the quiz!

General Stats

  • This quiz has been taken 53 times
  • The average score is 5 of 9

Answer Stats

Answer% Correct
Slipped Off The CliffhangerSean Bryan
97%
Asthma Stopped himNajee Richardson
89%
Last Run Of The YearDrew Drechsel
70%
Double Dipper WipeoutJoe Moravsky
65%
Made The Run Of The YearJamie Rahn
59%
Ran Out Of Energy almost beating itJesse Labreck
27%
Fell On WingnutsJosh Salinas
19%
2 seconds...Nick Hanson
16%
Got To Obstacle 9Tiana Webberly
11%

Score Distribution

Percentile by Number Answered

Percent of People with Each Score

Your Score History

You have not taken this quiz